Marginálie k indexu životních nákladů.

Indikátor životných nákladov - ekonomická kategória s presne stanovenou štruktúrou, schopná vypovedať o výške reálnej mzdy v danom období. Spotrebný kôš, existenčné a sociálne minimum. Vývoj indexu životných nákladov v ČSFR v r. 1991.

Na minha lista:
Detalhes bibliográficos
Autor principal: Cikánek, M.
Formato: Capítulo de Livro
Idioma:tcheco
Assuntos:
Tags: Adicionar Tag
Sem tags, seja o primeiro a adicionar uma tag!

MARC

LEADER 00000naa a2200000 4500
001 r007528
005 20220831090827.4
041 0 |a cze 
044 |a [CS] 
245 1 0 |a Marginálie k indexu životních nákladů.  |c M. Cikánek 
520 |a Indikátor životných nákladov - ekonomická kategória s presne stanovenou štruktúrou, schopná vypovedať o výške reálnej mzdy v danom období. Spotrebný kôš, existenčné a sociálne minimum. Vývoj indexu životných nákladov v ČSFR v r. 1991. 
610 2 0 |a náklady životné 
610 2 0 |a údaje štatistické 
610 2 0 |a Čechy 
610 2 0 |a Slovensko 
610 2 0 |a mzdy reálne 
610 2 0 |a kôš spotrebný 
610 2 0 |a minimum existenčné 
610 2 0 |a 1991 
610 2 0 |a index nákladov životných 
100 1 |a Cikánek, M.